[Manažment]

Publikácia je výsledkom práce autorského kolektívu Katedry manažmentu Fakulty podnikového manažmentu Ekonomickej univerzity v Bratislave. Autori kombinujú klasický výklad manažmentu prostredníctvom manažérskych funkcií s modernými prístupmi v manažmente. Publikácia je členená do trinástich kapitol...

Descrizione completa

Salvato in:
Dettagli Bibliografici
Autore principale: Kráčmar, Ján
Natura: Capitolo di libro
Lingua:slovacco
Soggetti:
Tags: Aggiungi Tag
Nessun Tag, puoi essere il primo ad aggiungerne!!

MARC

LEADER 00000naa$a2200000$$$4500
001 0011055
005 20240502071356.1
041 0 |a slo 
044 |a SK 
245 1 0 |a [Manažment]  |c rec. Ján Kráčmar 
520 |a Publikácia je výsledkom práce autorského kolektívu Katedry manažmentu Fakulty podnikového manažmentu Ekonomickej univerzity v Bratislave. Autori kombinujú klasický výklad manažmentu prostredníctvom manažérskych funkcií s modernými prístupmi v manažmente. Publikácia je členená do trinástich kapitol a predstavuje ucelený pohľad na problematiku manažmentu. 
610 2 0 |a manažment 
610 2 0 |a recenzie 
610 2 0 |a riadenie ľudských zdrojov 
610 2 0 |a manažéri 
100 1 |a Kráčmar, Ján